Trivia Field Quiz Stats

 Plays Quiz Updated Sep 10, 2019

Score 0/35 Timer 03:00
4 Plays Today
Box Questions % Correct
1



What is the most common english word?
100%
2



What is the largest country by area?
96.8%
8



What company is Mario a mascot of?
96.8%
9



What is the chemical formula of water?
95.9%
3



What is the most spoken language in the world?
94.7%
10



Which team has won the most NBA titles?
94.6%
16



What month is named after Julius Caesar?
92.9%
15



In WW2, the Axis powers consisted of Germany, Japan, and what other country?
92.6%
17



What TV game show has contestents spinning a wheel and solving word puzzles?
92%
23



In Seinfeld, who lives across the hall from Jerry?
90.6%
18



What was Sega's final video game console called?
88.3%
24



Who is the protagonist of 'The Hobbit'?
86.2%
11



What is the longest-running American sitcom?
85.3%
22



What is the all-time highest grossing film?
82.7%
4



What famous band played Bohemian Rhapsody?
79.1%
5



What is the most abundant element in the Earth's crust?
77.7%
30



What is the teacher's name in the show 'The Magic School Bus'?
75.7%
26



What does HTML stand for?
68.6%
Box Questions % Correct
12



Who wrote 'Adventures of Huckleberry Finn'?
67.4%
32



What was the best-selling game on the original Xbox?
66.5%
19



What city hosted the 2000 Olympics?
65.5%
25



What is the most-played sport in the world?
64.7%
29



Which male tennis player won the most grand slams?
63.6%
13



What temperature scale measures 0 at absolute zero?
63.1%
31



What is the most populous US state?
63.1%
20



What religion do the most people follow?
58.3%
6



What color is on the inner side of a primary rainbow?
56.7%
14



Who is the wealthiest American?
55.3%
27



Who was the last pharaoh of Ancient Egypt?
54.9%
21



What is the most visited website in 2011?
54.6%
7



On what day is Pi Day celebrated?
52.7%
28



Which MLB team has won the most World Series?
49.2%
34



What is the most populous city (city proper) in the world?
44.1%
35



What is the largest (most customers) fast food restaurant chain in the world?
42.4%
33



What is the all-time best selling album?
33.8%

You're not logged in!

Compare scores with friends on all Sporcle quizzes.
OR
Log In

Sporcle TV

Today on Sporcle TV


Watch our educational content, quiz creation guides, and fun videos on Sporcle TV.

Show Comments

Extras

Top Quizzes Today


Score Distribution

Your Account Isn't Verified!

In order to create a playlist on Sporcle, you need to verify the email address you used during registration. Go to your Sporcle Settings to finish the process.

Report this User

Report this user for behavior that violates our Community Guidelines.

Details: